00199nam a2200073Ia 4500082000800000245002500008100005100033008004100084 aMUR 0aMan met die geel oe  a MURRAY, Ena Pretoria, 1990 Grootdrukuitg 210817s9999 xx 000 0 und d